[Event "III Calvia International Open"]
[Site "Calvia"]
[Date "2006.10.22"]
[Round "3.22"]
[White "Zawadzki, Stanislaw"]
[Black "Moreto Quintana, Alex"]
[Result "1-0"]
[WhiteElo "2422"]
[BlackElo "2162"]
[PlyCount "117"]
[EventDate "2006.10.20"]

1. e4 e6 2. d4 d5 3. Nc3 Bb4 4. e5 Qd7 5. a3 Bxc3+ 6. bxc3 b6 7. h4 Ba6 8. Bxa6
Nxa6 9. h5 O-O-O 10. a4 Nb8 11. Qd3 Nc6 12. Nf3 h6 13. Bf4 Na5 14. O-O Kb7 15.
Nd2 Ne7 16. Rfb1 Ka8 17. Bg3 Nf5 18. Nb3 Nc4 19. a5 Qe7 20. Nd2 Nxd2 21. Qxd2
Rb8 22. Qd3 Qd7 23. axb6 Rxb6 24. Rxb6 cxb6 25. Bf4 Rc8 26. g4 Ne7 27. Bd2 Qc7
28. Kg2 Qc4 29. Qf3 Rc7 30. Qxf7 Qe2 31. Qf4 Nc6 32. Re1 Qb5 33. Qf8+ Kb7 34.
Qd6 Qb2 35. Qxe6 Qxc2 36. Be3 Qe4+ 37. Kg3 Ne7 38. Rc1 a5 39. Qd6 Nc8 40. Qf8
b5 41. Qf3 Qxf3+ 42. Kxf3 a4 43. Ke2 Nb6 44. g5 hxg5 45. Bxg5 Rc6 46. Kd3 Nc4
47. Rb1 Ka6 48. f4 a3 49. f5 Nb2+ 50. Kc2 Na4 51. Bd2 b4 52. Rxb4 Nb2 53. Rxb2
axb2 54. Kxb2 Kb7 55. h6 gxh6 56. f6 Rc7 57. e6 Kc6 58. f7 Rb7+ 59. Kc2 1-0

[Event "III Calvia International Open"]
[Site "Calvia"]
[Date "2006.10.22"]
[Round "3.24"]
[White "Fokin, Sergey"]
[Black "Wehmeier, Stefan"]
[Result "1-0"]
[WhiteElo "2157"]
[BlackElo "2400"]
[PlyCount "128"]
[EventDate "2006.10.20"]

1. d4 d5 2. c4 Nc6 3. Nf3 Bg4 4. Nc3 e6 5. Qa4 Bxf3 6. gxf3 dxc4 7. e3 a6 8.
Qxc4 Nf6 9. f4 Qd7 10. Bg2 Na5 11. Qe2 c5 12. dxc5 Bxc5 13. O-O O-O 14. Rd1 Qe7
15. Bd2 Rac8 16. Na4 Bb4 17. Bxb4 Qxb4 18. Rd4 Rc4 19. Rxc4 Nxc4 20. b3 Nb6 21.
Nxb6 Qxb6 22. Qf3 Nd5 23. f5 Qb4 24. fxe6 fxe6 25. Qe4 Qxe4 26. Bxe4 Rc8 27.
Bxd5 exd5 28. Rd1 Rc5 29. b4 Rb5 30. Rd4 Kf7 31. Kg2 Ke6 32. Kg3 Rb6 33. Rg4 g6
34. Rf4 Rc6 35. Rf8 Rd6 36. Re8+ Kd7 37. Rh8 h5 38. Rg8 d4 39. exd4 Rxd4 40.
Rxg6 h4+ 41. Kh3 Rxb4 42. Rg4 Rxg4 43. Kxg4 b5 44. Kf5 b4 45. Ke5 h3 46. Kd5
Ke7 47. Kc4 Kf6 48. Kxb4 Ke5 49. Kc3 Kf4 50. Kd2 Kf3 51. Ke1 a5 52. Kf1 a4 53.
a3 Ke4 54. Ke2 Kd4 55. f3 Kc4 56. f4 Kb3 57. f5 Kxa3 58. f6 Kb2 59. f7 a3 60.
f8=Q a2 61. Qb4+ Kc2 62. Qa3 Kb1 63. Qb3+ Ka1 64. Qc3+ Kb1 1-0

[Event "III Calvia International Open"]
[Site "Calvia"]
[Date "2006.10.22"]
[Round "3.25"]
[White "Rendle, Thomas"]
[Black "Pinilla Santibanez, Roberto"]
[Result "1-0"]
[WhiteElo "2382"]
[BlackElo "2114"]
[PlyCount "65"]
[EventDate "2006.10.20"]

1. e4 e5 2. Nf3 Nc6 3. Bb5 a6 4. Ba4 Nf6 5. O-O b5 6. Bb3 Be7 7. Re1 d6 8. h3
Na5 9. d3 O-O 10. Nbd2 c6 11. Nf1 Bd7 12. Ng3 g6 13. Bh6 Re8 14. Qd2 Nxb3 15.
axb3 Kh8 16. d4 Qc7 17. Qc3 Bd8 18. Rad1 Ng8 19. Be3 Bf6 20. dxe5 Bxe5 21. Nxe5
dxe5 22. Bc5 f6 23. Qe3 Kg7 24. Rd2 Nh6 25. Rf1 Nf7 26. f3 Ng5 27. Rfd1 Be6 28.
Bd6 Qc8 29. f4 exf4 30. Qxf4 Nf7 31. Bc5 Ne5 32. Rf1 Nd7 33. Rxd7+ 1-0

[Event "III Calvia International Open"]
[Site "Calvia"]
[Date "2006.10.22"]
[Round "3.26"]
[White "Das, Arghyadip"]
[Black "Mercant Simon, Jaume"]
[Result "1-0"]
[WhiteElo "2373"]
[BlackElo "2108"]
[PlyCount "101"]
[EventDate "2006.10.20"]

1. e4 e6 2. d4 d5 3. Nc3 Bb4 4. e5 c5 5. a3 Bxc3+ 6. bxc3 Qc7 7. Qg4 Ne7 8.
Qxg7 Rg8 9. Qxh7 cxd4 10. Ne2 Nbc6 11. f4 Bd7 12. Qd3 dxc3 13. Rb1 a6 14. Qxc3
Nf5 15. g3 Rc8 16. Bd2 b5 17. Bh3 Qb7 18. Qd3 Nce7 19. g4 d4 20. Rf1 Ne3 21.
Bxe3 dxe3 22. c3 Nd5 23. Qh7 Rf8 24. Bg2 Bc6 25. c4 Nb6 26. Bxc6+ Qxc6 27. cxb5
axb5 28. Qd3 Nc4 29. Nd4 Qg2 30. Nxb5 Qxh2 31. Nd6+ Nxd6 32. exd6 Qd2+ 33. Qxd2
exd2+ 34. Kxd2 Kd7 35. Rb6 Rc4 36. Rc1 Rfc8 37. Rxc4 Rxc4 38. Rb4 Rc8 39. Rd4
Rh8 40. g5 Rh4 41. Kc3 Rh3+ 42. Kb4 Rh1 43. a4 Rb1+ 44. Kc5 Rc1+ 45. Kb5 Rb1+
46. Rb4 Ra1 47. a5 Kxd6 48. Kb6 Rc1 49. a6 Rc6+ 50. Kb7 Rc7+ 51. Kb8 1-0

[Event "III Calvia International Open"]
[Site "Calvia"]
[Date "2006.10.22"]
[Round "3.27"]
[White "Oliver Serrano, Angel"]
[Black "Spassov, Liuben"]
[Result "0-1"]
[WhiteElo "2153"]
[BlackElo "2365"]
[PlyCount "72"]
[EventDate "2006.10.20"]

1. e4 c5 2. Nf3 e6 3. d4 cxd4 4. Nxd4 a6 5. c4 Nf6 6. Nc3 Qc7 7. a3 b6 8. Be2
Bb7 9. f3 d6 10. Be3 Be7 11. O-O O-O 12. Rc1 Nbd7 13. b4 Rac8 14. Rf2 Qb8 15.
Bf1 Bd8 16. Qb3 Bc7 17. g3 Kh8 18. Qb1 Rg8 19. Rb2 g5 20. c5 dxc5 21. bxc5 Nxc5
22. Nd5 exd5 23. Rxc5 Bf4 24. Bxf4 gxf4 25. Rxc8 Bxc8 26. Rxb6 Qe5 27. Nc6 Qc3
28. Ne7 Qc5+ 29. Kg2 Qxe7 30. Qb2 Kg7 31. g4 h6 32. h4 dxe4 33. g5 hxg5 34.
hxg5 exf3+ 35. Kg1 Qe3+ 36. Qf2 Ng4 0-1

[Event "III Calvia International Open"]
[Site "Calvia"]
[Date "2006.10.22"]
[Round "3.28"]
[White "Ziska, Helgi Dam"]
[Black "Campos Calvo-Sotelo, Juan"]
[Result "1-0"]
[WhiteElo "2364"]
[BlackElo "2086"]
[PlyCount "59"]
[EventDate "2006.10.20"]

1. e4 e6 2. d3 d5 3. Nd2 dxe4 4. dxe4 Nf6 5. f4 Bc5 6. e5 Nd5 7. Ne4 Qe7 8. Qf3
Bb6 9. a3 Nc6 10. c4 Nd4 11. Qd1 f5 12. Nf2 Ba5+ 13. b4 Nxb4 14. axb4 Bxb4+ 15.
Bd2 Bxd2+ 16. Kxd2 Nb3+ 17. Qxb3 O-O 18. Nf3 Rd8+ 19. Nd3 Bd7 20. Qxb7 Rab8 21.
Qxc7 Rbc8 22. Qd6 Qe8 23. Rxa7 Rxc4 24. Be2 Rc6 25. Qb4 Rb8 26. Rb7 Ra8 27. Nd4
Rca6 28. Rc1 Ra4 29. Qd6 Ra2+ 30. Ke3 1-0

[Event "III Calvia International Open"]
[Site "Calvia"]
[Date "2006.10.22"]
[Round "3.29"]
[White "Guennoun, Anthony"]
[Black "Zawadzka, Jolanta"]
[Result "0-1"]
[WhiteElo "2122"]
[BlackElo "2353"]
[PlyCount "78"]
[EventDate "2006.10.20"]

1. e4 c5 2. Nf3 Nc6 3. Nc3 d6 4. Bb5 Bd7 5. Bxc6 Bxc6 6. d4 cxd4 7. Qxd4 Nf6 8.
Bg5 Qa5 9. O-O-O h6 10. Bxf6 gxf6 11. Qd3 Rc8 12. Kb1 Qa6 13. Qxa6 bxa6 14. Nd4
Bb7 15. f4 e6 16. Rd3 h5 17. Rhd1 Rg8 18. g3 h4 19. f5 Kd7 20. Nde2 hxg3 21.
hxg3 Rc5 22. Nf4 Rg5 23. g4 Be7 24. Nh5 Kc7 25. fxe6 fxe6 26. Rf1 Rxg4 27. Nxf6
Bxf6 28. Rxf6 Rg1+ 29. Rd1 Rxd1+ 30. Nxd1 Bxe4 31. Nc3 Rh5 32. b3 Bf5 33. Rf7+
Kc6 34. Rxa7 Rh1+ 35. Kb2 Rh2 36. Na4 Rxc2+ 37. Ka3 Bd3 38. b4 Bc4 39. Nb2 Rc3+
0-1

[Event "III Calvia International Open"]
[Site "Calvia"]
[Date "2006.10.22"]
[Round "3.30"]
[White "Munar Rossello, Pedro"]
[Black "Kutuzov, Denis"]
[Result "0-1"]
[WhiteElo "2084"]
[BlackElo "2315"]
[PlyCount "102"]
[EventDate "2006.10.20"]

1. e4 a6 2. d4 b5 3. Bd3 Bb7 4. Nd2 e6 5. f4 c5 6. c3 cxd4 7. cxd4 Nc6 8. Ne2
Qh4+ 9. g3 Qh3 10. Ng1 Qg2 11. Qf3 Qxf3 12. Ngxf3 Nb4 13. Bb1 Rc8 14. Kd1 Nf6
15. a3 Nc6 16. Ke2 Na5 17. b4 Nc4 18. Nxc4 Rxc4 19. Bd3 Rc3 20. Kd2 Rc7 21. Re1
Be7 22. Bb2 O-O 23. h3 Nh5 24. Rg1 f5 25. Rae1 Nf6 26. d5 Nxe4+ 27. Bxe4 fxe4
28. Rxe4 Bxd5 29. Re3 Rfc8 30. Nd4 Bf6 31. Rge1 e5 32. fxe5 Bg5 33. Kd1 Bxe3
34. Rxe3 Rf8 35. g4 g6 36. Bc3 Rf2 37. Ke1 Ra2 38. Bd2 Rc4 39. Ne2 Re4 40. Rxe4
Bxe4 41. Bc1 Bf3 42. Nd4 Bd5 43. Ne2 Bc4 44. Nc3 Rh2 45. g5 Kg7 46. Kd1 Bb3+
47. Ke1 Rxh3 48. Ne4 Rh1+ 49. Kd2 Rd1+ 50. Kc3 Bd5 51. Kc2 Rxc1+ 0-1

[Event "III Calvia International Open"]
[Site "Calvia"]
[Date "2006.10.22"]
[Round "3.31"]
[White "Rhein, Klaus"]
[Black "Rivera, Daniel"]
[Result "1/2-1/2"]
[WhiteElo "2082"]
[BlackElo "2309"]
[PlyCount "32"]
[EventDate "2006.10.20"]

1. e4 c5 2. Nc3 Nc6 3. f4 g6 4. Nf3 Bg7 5. Bc4 e6 6. f5 Nge7 7. fxe6 fxe6 8. a3
d5 9. Ba2 O-O 10. O-O c4 11. Kh1 Rb8 12. d3 b5 13. Qe1 dxe4 14. dxe4 Ne5 15.
Be3 Qc7 16. Qg3 N7c6 1/2-1/2

[Event "III Calvia International Open"]
[Site "Calvia"]
[Date "2006.10.22"]
[Round "3.32"]
[White "Bogza, Adina-Maria"]
[Black "Tate, Alan"]
[Result "1-0"]
[WhiteElo "2308"]
[BlackElo "2052"]
[PlyCount "41"]
[EventDate "2006.10.20"]

1. e4 c5 2. Nf3 d6 3. d4 Nf6 4. Nc3 cxd4 5. Qxd4 a6 6. Bg5 Nc6 7. Qd2 e6 8.
O-O-O Qc7 9. Kb1 Rb8 10. Bf4 e5 11. Bg5 Be6 12. Nh4 Nd4 13. Bd3 Qd8 14. Nf5
Bxf5 15. exf5 d5 16. Rhe1 Nc6 17. f4 e4 18. Bxe4 dxe4 19. Nxe4 Qxd2 20. Nxf6+
Kd8 21. Rxd2+ 1-0

[Event "III Calvia International Open"]
[Site "Calvia"]
[Date "2006.10.22"]
[Round "3.33"]
[White "Canyelles Frau, Josep"]
[Black "Habibi, Ali"]
[Result "0-1"]
[WhiteElo "2080"]
[BlackElo "2298"]
[PlyCount "80"]
[EventDate "2006.10.20"]

1. c4 e5 2. Nc3 Nc6 3. g3 g6 4. Bg2 Bg7 5. Nf3 Nge7 6. d3 h6 7. Rb1 a5 8. a3 f5
9. e4 d6 10. b4 axb4 11. axb4 fxe4 12. dxe4 Bg4 13. h3 Bxf3 14. Bxf3 O-O 15.
Bg2 Kh7 16. Be3 Ra3 17. Qc1 Ra8 18. h4 Nd4 19. Qd1 Nec6 20. Nd5 Ra2 21. O-O
Ne2+ 22. Kh1 Ncd4 23. Bxd4 exd4 24. Qb3 Rd2 25. Rbd1 Rxd1 26. Qxd1 Nc3 27. Nxc3
dxc3 28. h5 gxh5 29. Qxh5 Qg5 30. Qxg5 hxg5 31. e5 Bxe5 32. Bxb7 Bxg3 33. Kg2
Bf4 34. Rh1+ Kg7 35. Be4 Kf6 36. Rh7 d5 37. cxd5 Rb8 38. Rh6+ Ke5 39. Re6+ Kd4
40. Bc2 Be5 0-1

[Event "III Calvia International Open"]
[Site "Calvia"]
[Date "2006.10.22"]
[Round "3.34"]
[White "Gonzalez Arribas, Vidal Alejand"]
[Black "Ruiz Vinals, Matias"]
[Result "0-1"]
[WhiteElo "2297"]
[BlackElo "2030"]
[PlyCount "48"]
[EventDate "2006.10.20"]

1. c4 e6 2. Nc3 d5 3. d4 Nf6 4. Bg5 c6 5. e3 Nbd7 6. Nf3 Qa5 7. Nd2 Bb4 8. Qc2
O-O 9. Be2 dxc4 10. Bxf6 Nxf6 11. Nxc4 Qc7 12. O-O a6 13. a3 Be7 14. b4 b6 15.
Ne4 Nxe4 16. Qxe4 Bb7 17. Bf3 Ra7 18. Qe5 Qd8 19. Rfd1 a5 20. b5 Bf6 21. Qg3
cxb5 22. Nd6 Bxf3 23. gxf3 Rd7 24. Nxb5 Rd5 0-1

[Event "III Calvia International Open"]
[Site "Calvia"]
[Date "2006.10.22"]
[Round "3.35"]
[White "Fernandez Lozano, Francesc"]
[Black "Rodriguez Lopez, Rafael"]
[Result "0-1"]
[WhiteElo "2074"]
[BlackElo "2289"]
[PlyCount "106"]
[EventDate "2006.10.20"]

1. g3 d5 2. Bg2 e5 3. d3 c6 4. Nd2 Nf6 5. e3 Bd6 6. Ne2 O-O 7. O-O Na6 8. a3
Nc7 9. c4 Re8 10. e4 dxe4 11. dxe4 Ne6 12. b4 Qe7 13. Bb2 Bc7 14. Qc2 Bd7 15.
Nf3 Nf8 16. h3 Rad8 17. Rad1 Ng6 18. Nd2 h6 19. Nb3 Nh7 20. Bc1 Ng5 21. Kh2 Bb6
22. Ng1 Bc8 23. c5 Bc7 24. Be3 Nf4 25. f3 Nxg2 26. Kxg2 Qe6 27. Bxg5 hxg5 28.
g4 f6 29. Ne2 Qf7 30. Rxd8 Rxd8 31. Rd1 Rxd1 32. Qxd1 Be6 33. Nec1 Kf8 34. Na5
Bxa5 35. bxa5 Qc7 36. Qd2 Bc4 37. Kf2 Ke7 38. Qc3 Ba6 39. Nd3 Kd7 40. Nb4 Qxa5
41. Qd2+ Kc8 42. Qd6 Bc4 43. Qf8+ Qd8 44. Qxg7 Qd2+ 45. Kg1 Qe1+ 46. Kh2 Qf2+
47. Kh1 Qxf3+ 48. Kh2 Qf4+ 49. Kh1 Qxe4+ 50. Kh2 Qf4+ 51. Kh1 Qc1+ 52. Kh2 Qd2+
53. Kh1 Qd8 0-1

[Event "III Calvia International Open"]
[Site "Calvia"]
[Date "2006.10.22"]
[Round "3.36"]
[White "Sparreboom, Willem"]
[Black "Grant, Jonathan"]
[Result "0-1"]
[WhiteElo "1993"]
[BlackElo "2271"]
[PlyCount "94"]
[EventDate "2006.10.20"]

1. d4 Nf6 2. c4 e6 3. Nc3 Bb4 4. Qc2 c5 5. dxc5 O-O 6. Nf3 Na6 7. a3 Bxc3+ 8.
Qxc3 Nxc5 9. Bg5 Nce4 10. Bxf6 Qxf6 11. Qxf6 Nxf6 12. e3 b6 13. Bd3 Bb7 14. O-O
Bxf3 15. gxf3 Rac8 16. f4 Rc7 17. f5 exf5 18. Bxf5 Rxc4 19. Rfd1 d5 20. Rac1 g6
21. Bd3 Rxc1 22. Rxc1 Rd8 23. Rc7 Rd7 24. Rc8+ Kg7 25. Bb5 Re7 26. Kf1 g5 27.
Rc2 h5 28. Rd2 Rc7 29. Be2 Rc5 30. f3 Kf8 31. h3 Ke7 32. Kg2 Ke6 33. Bd1 Ke5
34. Bc2 Ne8 35. Kg3 Nd6 36. f4+ gxf4+ 37. exf4+ Kf6 38. Re2 Nc4 39. Bd3 Nd6 40.
Kh4 d4 41. Rd2 Rd5 42. Rc2 Nf5+ 43. Bxf5 Kxf5 44. Kg3 d3 45. Rd2 Ke4 46. Kf2
Rc5 47. Rd1 Rc2+ 0-1

[Event "III Calvia International Open"]
[Site "Calvia"]
[Date "2006.10.22"]
[Round "3.37"]
[White "Moreno Mateos, Jose Luis"]
[Black "Tattersall, Lester"]
[Result "0-1"]
[WhiteElo "1888"]
[BlackElo "2254"]
[PlyCount "116"]
[EventDate "2006.10.20"]

1. e4 c5 2. Nc3 Nc6 3. f4 g6 4. Nf3 Bg7 5. Bc4 e6 6. d3 Nge7 7. O-O d5 8. Bb5
d4 9. Ne2 a6 10. Bxc6+ Nxc6 11. a3 f5 12. Ng3 O-O 13. Bd2 b5 14. Rc1 Bb7 15. c4
dxc3 16. Bxc3 Nd4 17. Nxd4 Bxd4+ 18. Kh1 Be3 19. Rc2 fxe4 20. Qg4 Qxd3 21.
Qxe6+ Rf7 22. Re2 Bd4 23. Rd2 Qc4 24. Qxc4 bxc4 25. Bxd4 cxd4 26. Rxd4 Raf8 27.
Kg1 Rxf4 28. Rxf4 Rxf4 29. Rd8+ Kg7 30. Nf1 Rf7 31. Ne3 Rc7 32. Nd1 Kf6 33. Kf2
Bc6 34. Nc3 Ke5 35. Ke3 Rb7 36. Rd2 g5 37. Ne2 Rb3+ 38. Nc3 h6 39. Rf2 Rb7 40.
Rd2 Rb8 41. Nd1 Rb3+ 42. Nc3 Rb7 43. Nd1 Rd7 44. Rxd7 Bxd7 45. Nc3 Bc6 46. Nd1
Kd5 47. Nc3+ Ke5 48. Nd1 Kd5 49. Nc3+ Kc5 50. g3 a5 51. Nxe4+ Bxe4 52. Kxe4 c3
53. Kd3 cxb2 54. Kc2 Kc4 55. Kxb2 g4 56. Kc2 a4 57. Kb2 Kd3 58. Kb1 Kc3 0-1

[Event "III Calvia International Open"]
[Site "Calvia"]
[Date "2006.10.22"]
[Round "3.38"]
[White "Ehsan, Ali"]
[Black "Reutter, Frank"]
[Result "1-0"]
[WhiteElo "2236"]
[BlackElo "1945"]
[PlyCount "81"]
[EventDate "2006.10.20"]

1. e4 c5 2. Nf3 d6 3. d4 cxd4 4. Nxd4 Nf6 5. Nc3 a6 6. f3 e6 7. Be3 b5 8. Qd2
Bb7 9. O-O-O Nc6 10. Nxc6 Bxc6 11. g4 Qa5 12. Kb1 b4 13. Ne2 Be7 14. h4 O-O 15.
g5 Nd7 16. Nd4 Bb5 17. a3 Ne5 18. Qxb4 Qxb4 19. axb4 Rfc8 20. Bf4 Bxf1 21.
Rhxf1 Rab8 22. c3 a5 23. b5 Kf8 24. Bxe5 dxe5 25. Nc6 Rb7 26. c4 a4 27. Nxe5 f6
28. Rd7 Rxd7 29. Nxd7+ Ke8 30. Nb6 Rc7 31. f4 fxg5 32. fxg5 h6 33. gxh6 gxh6
34. h5 Rc5 35. Rc1 Rxh5 36. Nxa4 Rh4 37. c5 Rxe4 38. c6 Bd8 39. b6 Rxa4 40. c7
Ra8 41. b7 1-0

[Event "III Calvia International Open"]
[Site "Calvia"]
[Date "2006.10.23"]
[Round "4.1"]
[White "Conquest, Stuart"]
[Black "Romanishin, Oleg M"]
[Result "1/2-1/2"]
[WhiteElo "2530"]
[BlackElo "2542"]
[PlyCount "24"]
[EventDate "2006.10.20"]

1. d4 Nf6 2. c4 e6 3. Nf3 b6 4. Nc3 Bb7 5. Bg5 Be7 6. Qc2 c5 7. dxc5 bxc5 8. e3
Nc6 9. Be2 Nb4 10. Qa4 Ne4 11. Bxe7 Qxe7 12. O-O O-O 1/2-1/2

[Event "III Calvia International Open"]
[Site "Calvia"]
[Date "2006.10.23"]
[Round "4.2"]
[White "Strikovic, Aleksa"]
[Black "Pogorelov, Ruslan"]
[Result "1-0"]
[WhiteElo "2535"]
[BlackElo "2462"]
[PlyCount "77"]
[EventDate "2006.10.20"]

1. c4 e6 2. Nf3 Nf6 3. g3 d5 4. Bg2 dxc4 5. Qa4+ c6 6. Qxc4 b5 7. Qc2 Bb7 8.
O-O c5 9. d3 Nbd7 10. Nc3 a6 11. a4 Bc6 12. e4 b4 13. Nb1 Rc8 14. Nbd2 Be7 15.
Nc4 O-O 16. Bf4 Nb6 17. Nce5 Be8 18. a5 Na8 19. Nc4 Bb5 20. Rfd1 Nd7 21. Nfd2
Nb8 22. Nb3 Nc6 23. Be3 Nd4 24. Bxd4 cxd4 25. e5 Bc6 26. Bxc6 Rxc6 27. Re1 Qd5
28. Re4 Bc5 29. Qe2 Ba7 30. Nbd2 Nc7 31. Qh5 h6 32. Rg4 f5 33. Rg6 Kh8 34. Nf3
Qd7 35. Re1 f4 36. Nd6 fxg3 37. hxg3 Rc2 38. Re4 Nd5 {Diagrama} 39. Rxh6+ 1-0

[Event "III Calvia International Open"]
[Site "Calvia"]
[Date "2006.10.23"]
[Round "4.3"]
[White "Tiviakov, Sergei"]
[Black "Hernandez, Holden"]
[Result "1/2-1/2"]
[WhiteElo "2680"]
[BlackElo "2524"]
[PlyCount "67"]
[EventDate "2006.10.20"]

1. e4 c5 2. c3 Nf6 3. e5 Nd5 4. Nf3 Nc6 5. Bc4 Nb6 6. Bb3 c4 7. Bc2 Qc7 8. Qe2
g5 9. e6 dxe6 10. Nxg5 Qe5 11. d4 cxd3 12. Bxd3 Qxe2+ 13. Bxe2 h6 14. Ne4 e5
15. Ng3 Be6 16. O-O Bc4 17. Bxc4 Nxc4 18. Nd2 Nxd2 19. Bxd2 e6 20. Rfe1 f6 21.
Rad1 Be7 22. f3 Rd8 23. Be3 f5 24. Rxd8+ Bxd8 25. Nf1 Bb6 26. Bxb6 axb6 27. Ne3
b5 28. Kf2 Ke7 29. g4 Rf8 30. gxf5 exf5 31. Rg1 Kf6 32. Nd5+ Kf7 33. Ne3 Kf6
34. Nd5+ 1/2-1/2

[Event "III Calvia International Open"]
[Site "Calvia"]
[Date "2006.10.23"]
[Round "4.4"]
[White "Godena, Michele"]
[Black "Vallejo Pons, Francisco"]
[Result "1/2-1/2"]
[WhiteElo "2522"]
[BlackElo "2674"]
[PlyCount "104"]
[EventDate "2006.10.20"]

1. e4 d6 2. d4 Nf6 3. Nc3 g6 4. g3 Bg7 5. Bg2 O-O 6. Nge2 c6 7. O-O e5 8. b3
Na6 9. Bb2 exd4 10. Nxd4 Re8 11. Re1 Nc5 12. Qd2 Qb6 13. Rab1 a5 14. a3 Bd7 15.
Ba1 h5 16. h3 Rad8 17. b4 axb4 18. axb4 Ne6 19. Nxe6 Rxe6 20. Nd1 Rde8 21. Bd4
Qd8 22. Nc3 Bc8 23. Rbd1 Qe7 24. Kh2 h4 25. Be3 hxg3+ 26. fxg3 Nh5 27. Ne2 d5
28. Bc5 Qc7 29. exd5 cxd5 30. Bf2 Be5 31. Bf3 Rf6 32. Qd3 Qd7 33. Ng1 Qc7 34.
Kg2 Bd7 35. Bxh5 gxh5 36. Nf3 d4 37. Rxe5 Rxe5 38. Nxe5 Qxe5 39. Qxd4 Qf5 40.
Qxd7 Qxf2+ 41. Kh1 Qf3+ 42. Kh2 {Diagrama} 42... Qf2+ (42... Qe2+ 43. Kg1 Rf3
44. Qd6 Kh7 $19) 43. Kh1 Qf3+ 44. Kh2 Qe2+ 45. Kh1 Qe4+ 46. Kg1 Qe3+ 47. Kh1
Qe4+ 48. Kg1 Rf3 49. Qd8+ Kh7 50. Qg5 Rf5 51. Qd2 Qf3 52. Qd3 Qf2+ 1/2-1/2

[Event "III Calvia International Open"]
[Site "Calvia"]
[Date "2006.10.23"]
[Round "4.5"]
[White "Bruzon, Lazaro"]
[Black "Sulskis, Sarunas"]
[Result "1-0"]
[WhiteElo "2648"]
[BlackElo "2518"]
[PlyCount "119"]
[EventDate "2006.10.20"]

1. Nf3 d5 2. d4 Nf6 3. c4 e6 4. Nc3 Nbd7 5. cxd5 exd5 6. Bg5 c6 7. e3 Be7 8.
Qc2 O-O 9. Bd3 Re8 10. O-O a5 11. Rae1 g6 12. Bf4 Nf8 13. h3 Ne6 14. Bh2 Ng7
15. Ne5 Bf5 16. f3 Bxd3 17. Nxd3 Bd6 18. Bxd6 Qxd6 19. Qf2 Rad8 20. Nc5 Qc7 21.
e4 Nfh5 22. exd5 cxd5 23. Rxe8+ Nxe8 24. Re1 Nef6 25. Re5 Qc6 26. Qh4 Re8 27.
Rxe8+ Qxe8 28. Qf2 b6 29. Nd3 Ng7 30. Nf4 Ne6 31. Qe3 Nxf4 32. Qxf4 Qe1+ 33.
Kh2 Qe6 34. Qe5 h6 35. Kg3 Qc6 36. Kf2 Kg7 37. h4 b5 38. g4 b4 39. g5 hxg5 40.
hxg5 bxc3 41. bxc3 Qxc3 42. gxf6+ Kh7 43. Qxd5 Qd2+ 44. Kf1 Qd1+ 45. Kf2 Qd2+
46. Kg3 Qe1+ 47. Kg4 Qg1+ 48. Kf4 Qh2+ 49. Ke3 Qg1+ 50. Ke2 Qg2+ 51. Kd1 Kg8
52. Kc1 a4 53. a3 Qf1+ 54. Kc2 Qe2+ 55. Kc3 Qe1+ 56. Kc4 Qb1 57. Qb5 Qa2+ 58.
Kb4 Qb3+ 59. Ka5 Kh7 60. Qd7 1-0

[Event "III Calvia International Open"]
[Site "Calvia"]
[Date "2006.10.23"]
[Round "4.6"]
[White "Spraggett, Kevin"]
[Black "Dimakiling, Oliver"]
[Result "1-0"]
[WhiteElo "2610"]
[BlackElo "2476"]
[PlyCount "129"]
[EventDate "2006.10.20"]

1. e4 e5 2. Nf3 Nc6 3. Bb5 a6 4. Ba4 Nf6 5. O-O Be7 6. Re1 b5 7. Bb3 d6 8. c3
O-O 9. h3 Na5 10. Bc2 c5 11. d4 Qc7 12. Nbd2 Re8 13. Nf1 h6 14. Ng3 Bf8 15. b3
Nc6 16. d5 Ne7 17. c4 Bd7 18. Bd3 g6 19. Bd2 Bg7 20. Qc1 Kh7 21. Nh2 g5 22. f3
Ng6 23. Nf5 Nf4 24. Bc2 Rg8 25. g3 Bxf5 26. exf5 N4h5 27. Kg2 Rge8 28. Be4 Nxe4
29. fxe4 Nf6 30. Qc2 Reb8 31. g4 Kg8 32. Nf3 Nd7 33. Rh1 a5 34. h4 f6 35. a4
bxc4 36. bxc4 Rb4 37. Rhc1 Rc8 38. Bxb4 cxb4 39. Nd2 gxh4 40. Rh1 Nb6 41. Rac1
Qd7 42. Rxh4 Qxa4 43. Qxa4 Nxa4 44. Ra1 Nb6 45. Rxa5 Nxc4 46. Nxc4 Rxc4 47.
Ra8+ Kh7 48. Rb8 Rxe4 49. g5 Re2+ 50. Kf1 fxg5 51. Rhxb4 Re3 52. Kf2 Ra3 53.
R4b7 g4 54. Rf7 Rf3+ 55. Kg2 h5 56. Rbb7 Kh6 57. Rxg7 Rxf5 58. Rgf7 Rf4 59.
Rbd7 Rd4 60. Rxd6+ Kg5 61. Rd8 e4 62. d6 e3 63. d7 Kh4 64. Re8 Rd2+ 65. Kf1 1-0

[Event "III Calvia International Open"]
[Site "Calvia"]
[Date "2006.10.23"]
[Round "4.7"]
[White "Gajewski, Grzegorz"]
[Black "Damljanovic, Branko"]
[Result "0-1"]
[WhiteElo "2515"]
[BlackElo "2595"]
[PlyCount "102"]
[EventDate "2006.10.20"]

1. d4 Nf6 2. c4 g6 3. Nc3 Bg7 4. e4 d6 5. Nf3 O-O 6. Be2 c5 7. O-O Nc6 8. d5
Na5 9. Bd2 e5 10. a3 b6 11. b4 Nb7 12. Ne1 Nd7 13. Nd3 f5 14. f4 Qe7 15. Bf3
Nd8 16. exf5 gxf5 17. fxe5 Nxe5 18. Nxe5 Bxe5 19. Rc1 Nf7 20. Ne2 Bd7 21. Nf4
Ng5 22. Kh1 Ne4 23. Qe2 Nxd2 24. Qxd2 Qg5 25. g3 Rf6 26. bxc5 bxc5 27. Rb1 Rh6
28. Rb7 Bc8 29. Rb3 Kh8 30. Kg2 Ba6 31. Rfb1 Rg8 32. Rb8 Rxh2+ 33. Kxh2 Qxg3+
34. Kh1 Qxf3+ 35. Qg2 Qxg2+ 36. Nxg2 Bxc4 37. Ne3 Bd3 38. Rxg8+ Kxg8 39. Rb8+
Kf7 40. Rb7+ Kg6 41. Rxa7 Be4+ 42. Ng2 f4 43. Kg1 Bxd5 44. a4 Bd4+ 45. Kf1 Kg5
46. Re7 h5 47. Ne1 f3 48. Nxf3+ Bxf3 49. a5 h4 50. Rf7 Bd5 51. Rh7 Kg4 0-1

[Event "III Calvia International Open"]
[Site "Calvia"]
[Date "2006.10.23"]
[Round "4.8"]
[White "Hamdouchi, Hichem"]
[Black "Neelotpal, Das"]
[Result "0-1"]
[WhiteElo "2582"]
[BlackElo "2490"]
[PlyCount "121"]
[EventDate "2006.10.20"]

1. e4 c5 2. Nf3 e6 3. d4 cxd4 4. Nxd4 a6 5. Bd3 Bc5 6. Nb3 Be7 7. Qg4 g6 8. Qe2
d6 9. a4 b6 10. O-O Nd7 11. a5 b5 12. Na3 Bb7 13. c4 bxc4 14. Nxc4 Ngf6 15. Bh6
d5 16. exd5 Nxd5 17. Be4 N7f6 18. Bf3 Bf8 19. Bxf8 Kxf8 20. Nb6 Ra7 21. Nc5 Qe7
22. Qe5 Kg7 23. Rac1 Rd8 24. Nxb7 Rxb7 25. Qe2 Rbb8 26. Qxa6 Qb4 27. Nxd5 Nxd5
28. Rc4 Qxb2 29. Qc6 Ra8 30. a6 Ra7 31. Rcc1 Rb8 32. Bxd5 exd5 33. Ra1 Rb6 34.
Qa4 Qf6 35. Qd1 d4 36. Ra4 Rbxa6 37. Rxa6 Rxa6 38. Qd2 Rd6 39. Qd3 Rc6 40. h3
Rc3 41. Qe4 d3 42. Qe3 Qe6 43. Qd4+ Qf6 44. Qe3 Ra3 45. Rd1 Qc3 46. Kh2 Qc7+
47. g3 Qd6 48. Kg2 Rc3 49. Rd2 h5 50. Qe4 Ra3 51. Kh2 Qf6 52. Kg2 Qc3 53. Qe3
Qc6+ 54. Qf3 Qc1 55. Rd1 Qc2 56. h4 Rc3 57. Ra1 d2 58. Qd5 Rd3 59. Qe5+ Kh7 60.
Qf6 Rd7 61. Ra8 0-1

[Event "III Calvia International Open"]
[Site "Calvia"]
[Date "2006.10.23"]
[Round "4.9"]
[White "Larino Nieto, David"]
[Black "Ghaem Maghami, Ehsan"]
[Result "1-0"]
[WhiteElo "2406"]
[BlackElo "2580"]
[PlyCount "75"]
[EventDate "2006.10.20"]

1. e4 c5 2. d3 Nc6 3. g3 g6 4. Bg2 Bg7 5. Nc3 d6 6. f4 e6 7. Nf3 Nge7 8. O-O
O-O 9. Be3 Nd4 10. Bf2 Nec6 11. e5 dxe5 12. Nxe5 Nb4 13. a3 Na6 14. Ne4 f5 15.
Nd2 Rb8 16. c3 Nb5 17. Qe2 Bxe5 18. Qxe5 Qxd3 19. a4 Nd6 20. Rfd1 Nf7 21. Qe1
Qd6 22. b4 Qe7 23. Nc4 b6 24. b5 Nc7 25. Bc6 Qf6 26. Ne5 Nxe5 27. fxe5 Qg7 28.
c4 Bb7 29. Rd7 Rf7 30. Rxf7 Qxf7 31. Rd1 Bxc6 32. bxc6 Rc8 33. Rd7 Qf8 34. Qd2
Na6 35. Be3 Nb8 36. Bh6 Qe8 37. Bg5 Nxc6 38. Bf6 1-0